Diversidad biológica y cultural del sur de la Amazonia colombiana (Registro nro. 6296)

Detalles MARC
000 -CABECERA
Campo de control 01333nam a2200289 a 4500
005 - FECHA Y HORA DE LA ULTIMA TRANSACCION
Campo de control 20200104041608.0
008 - ELEMENTOS DE LONGITUD FIJA—INFORMACION GENERAL
Campo de control 140130b2007 ck ||||| |||| 00| 0 spa d
020 ## - ISBN
ISBN 978-9588343150
040 ## - FUENTE DE CATALOGACIÓN
Agencia catalogadora original CO-BoIAVH
Agencia transcriptora CO-BoIAVH
041 ## - IDIOMA
Código de idioma para texto/pista de sonido o título separado Español
044 ## - PAÍS DE PUBLICACIÓN
País de publicación Colombia
082 04 - NUMERO DE CLASIFICACION DECIMAL DEWEY
Número de clasificación 333.95098
Número del ítem I59d
100 1# - ASIENTO PRINCIPAL--NOMBRE PERSONAL
Nombre personal Ruiz Rodríguez, Sandra Lucía
9 (RLIN) 3029
245 10 - MENCION DE TITULO
Título Diversidad biológica y cultural del sur de la Amazonia colombiana
Parte restante del título diagnóstico
260 ## - PUBLICACION, DISTRIBUCION, ETC. (PIE DE IMPRENTA)
Lugar de publicación, distribución, etc. Bogotá :
Nombre del editor, distribuidor, etc. Corpoamazonia :
-- Instituto de investigación de recursos Biológicos Alexander von Humboldt :
-- SINCHI :
-- UAESPNN,
Fecha de publicación, distribución, etc. 2007.
300 ## - DESCRIPCION FISICA
Extensión 635 páginas :
Otros detalles físicos ilustraciones, gráficas ;
Dimensiones 28 x 22 cm.
650 #6 - ASIENTO SECUNDARIO DE MATERIA - TERMINO TEMATICO
Término temático o nombre geográfico como elemento de entrada Diversidad biológica
Subdivisión geográfica Colombia
9 (RLIN) 54941
650 #6 - ASIENTO SECUNDARIO DE MATERIA - TERMINO TEMATICO
Término temático o nombre geográfico como elemento de entrada Diversidad biológica
Subdivisión general Conservación
Subdivisión geográfica Colombia
9 (RLIN) 54942
650 #6 - ASIENTO SECUNDARIO DE MATERIA - TERMINO TEMATICO
Término temático o nombre geográfico como elemento de entrada Biodiversidad
Subdivisión geográfica Colombia
9 (RLIN) 54943
650 #6 - ASIENTO SECUNDARIO DE MATERIA - TERMINO TEMATICO
Término temático o nombre geográfico como elemento de entrada Diversidad cultural
Subdivisión geográfica Colombia
9 (RLIN) 54944
662 ## - ASIENTO SECUNDARIO DE MATERIA - JERARQUIA DEL NOMBRE DE LUGAR(
País o entidad mayor Colombia
Jurisdicción política intermedia Amazonia (Región)
710 2# - ASIENTO SECUNDARIO - NOMBRE CORPORATIVO
Nombre corporativo o de jurisdicción como elemento de entrada Instituto de Investigación de Recursos Biológicos Alexander von Humboldt.
9 (RLIN) 204
710 2# - ASIENTO SECUNDARIO - NOMBRE CORPORATIVO
Nombre corporativo o de jurisdicción como elemento de entrada Corporación para el desarrollo sostenible del Sur de la Amazonía - CORPOAMAZONIA
9 (RLIN) 695
710 2# - ASIENTO SECUNDARIO - NOMBRE CORPORATIVO
Nombre corporativo o de jurisdicción como elemento de entrada Instituto Amazónico de Investigaciones Científicas (Sinchi)
9 (RLIN) 480
710 2# - ASIENTO SECUNDARIO - NOMBRE CORPORATIVO
Nombre corporativo o de jurisdicción como elemento de entrada Unidad Administrativa Especial del Sistema de Parques Nacionales Naturales (Colombia)
9 (RLIN) 1708
942 ## - ELEMENTOS ADICIONALES (KOHA)
Tipo de ítem Libro
Sistema de clasificación Dewey Decimal Classification
Existencias
Withdrawn status Lost status Sistema de Clasificación Damaged status No para préstamo Colección Inventariado Ubicación Permanente Ubicación actual Fecha de adquisición Fuente de Valor Valor Total Checkouts Número topográfico Inventario / Código de Barras Date last seen Ejemplar Price effective from Forma de adquisición Tipo de material Date checked out
    Dewey Decimal Classification     Humboldt Inventariado 2017 Bogotá Bogotá 16/06/2008 Instituto 39000.00   IAVH-333.95098 I59d 026036 04/12/2012 Ej. 1 04/12/2012 Institucional Libro  
    Dewey Decimal Classification     Humboldt Inventariado 2017 Bogotá Bogotá 25/09/2013 Instituto 39000.00 1 IAVH-333.95098 I59d 029436 10/06/2014 Ej. 3 25/09/2013 Institucional Libro 10/06/2014
    Local     Audiovisual   Bogotá Bogotá 19/11/2013       IAVH-01192 058646 19/11/2013 Ej. 4 19/11/2013   CD-ROM  
    Local     Humboldt   Bogotá Bogotá 01/02/2018       MM-0094 043466 01/02/2018 Ej. 1 01/02/2018 Institucional CD-ROM  
    Dewey Decimal Classification     Humboldt Inventariado 2017 Sala Fabio Quevedo Sala Fabio Quevedo 16/06/2008 Instituto 39000.00   IAVH-333.95098 I59d 026039 04/12/2012 Ej. 2 04/12/2012   Libro  
    Local     Humboldt   Villa de Leyva Villa de Leyva 16/06/2008       IAVH-01192 026037 04/12/2012 Ej. 2 04/12/2012   CD-ROM